Κατάλογος Βιβλιοθηκών Mediterranean College

Κοινωνική και Συναισθηματική Ανάπτυξη στην Προσχολική Αγωγή και Εκπαίδευση / Συνδέοντας τις Δομές με την Επιστήμη και την Πρακτική (Record no. 9669)

MARC details
000 -LEADER
fixed length control field 01703cam a22002414a 4500
005 - ΗΜΕΡΟΜΗΝΙΑ ΚΑΙ ΩΡΑ ΤΕΛΕΥΤΑΙΑΣ ΕΝΗΜΕΡΩΣΗΣ
Πεδίο ελέγχου 20250605164406.0
008 - FIXED-LENGTH DATA ELEMENTS--GENERAL INFORMATION
Πεδίο ελέγχου σταθερού μήκους 250528s ||||||||||||||||||||||||d
035 ## - SYSTEM CONTROL NUMBER
System control number 24828
020 ## - ISBN
ISBN 9786185331979
040 ## - ΠΗΓΗ ΚΑΤΑΛΟΓΟΓΡΑΦΗΣΗΣ
Φορέας πρωτότυπης καταλογογράφησης MC Athens Campus Library
Γλώσσα καταλογογράφησης Ελληνικά, Μοντέρνα (1453-)
Modifying agency MC Athens Campus Library
Κανόνες περιγραφικής καταλογογράφησης AACR2
245 1# - ΤΙΤΛΟΣ ΚΑΙ ΔΗΛΩΣΗ ΥΠΕΥΘΥΝΟΤΗΤΑΣ
Τίτλος Κοινωνική και Συναισθηματική Ανάπτυξη στην Προσχολική Αγωγή και Εκπαίδευση / Συνδέοντας τις Δομές με την Επιστήμη και την Πρακτική
260 ## - PUBLICATION, DISTRIBUTION, ETC.
Name of publisher, distributor, etc. Πεδίο,
Date of publication, distribution, etc. 2018
300 ## - PHYSICAL DESCRIPTION
Extent 192
520 ## - SUMMARY, ETC.
Summary, etc. Εισαγωγή, Γιατί Κρατάμε Ένα Μωρό Όταν Κλαίει, Γιατί Μιλάμε για το Πώς Νιώθει το Άλλο Παιδί: Φιλία και Κοινωνική Συμπεριφορά, Γιατί Παίζουμε 'Ο Σάιμον Λέει': Μαθαίνοντας την Αυτορρύθμιση, Γιατί Προσφέρουμε Καφέ στους Γονείς: Φροντίδα και Εκπαίδευση με Επίκεντρο την Οικογένεια, Γιατί Κάνουμε Όσα Κάνουμε για την Κοινωνική Ανάπτυξη των Παιδιών: Πώς τα Εθνικά Κριτήρια Αξιολόγησης Πρώιμης Μάθησης Εξηγούν τις Πρακτικές του Προγράμματος σας, Σημειώσεις, Οι Συγγραφείς του Βιβλίου.
700 1# - ΠΡΟΣΘΕΤΗ ΑΝΑΓΡΑΦΗ--ΦΥΣΙΚΟ ΠΡΟΣΩΠΟ
Personal name Klinker Joan
9 (RLIN) 9558
700 1# - ΠΡΟΣΘΕΤΗ ΑΝΑΓΡΑΦΗ--ΦΥΣΙΚΟ ΠΡΟΣΩΠΟ
Personal name Ramminger Ann
9 (RLIN) 9559
700 1# - ΠΡΟΣΘΕΤΗ ΑΝΑΓΡΑΦΗ--ΦΥΣΙΚΟ ΠΡΟΣΩΠΟ
Personal name Riley Dave
9 (RLIN) 9560
700 1# - ΠΡΟΣΘΕΤΗ ΑΝΑΓΡΑΦΗ--ΦΥΣΙΚΟ ΠΡΟΣΩΠΟ
Personal name San Juan Robert R
9 (RLIN) 9561
700 1# - ΠΡΟΣΘΕΤΗ ΑΝΑΓΡΑΦΗ--ΦΥΣΙΚΟ ΠΡΟΣΩΠΟ
Personal name Σακελλαρίου Μαρία
9 (RLIN) 3727
942 ## - ADDED ENTRY ELEMENTS (KOHA)
Koha item type Books
Holdings
Τύπος τεκμηρίου Βιβλιοθήκη Τρέχουσα τοποθεσία Barcode Αριθμός εισαγωγής Ημερομηνία απόκτησης Ταξιθετικό σύμβολο Αριθμός αντιτύπου Κατάσταση απόσυρσης Κατάσταση χαμένου Κατάσταση κατεστραμμένου Μη δανεισμός Σύνολο δανεισμών Ημερομηνία τελευταίας εμφάνισης Η τιμή ισχύει από
Books MC Athens Campus Library MC Athens Campus Library 9780000096685 7769 05/06/2025 371.82691 RIL 1           05/06/2025 05/06/2025

MC Athens Campus Library
Πατησίων 94 & Κοδριγκτώνος 13, 104 34
Πελλήνης 8 & Πατησίων 107, 112 51
Τ: +30 210 8899600

MC Thessaloniki Campus Library
Ίωνος Δραγούμη 21, 54625 | Ίωνος Δραγούμη 15, 54625
Τ: +30 2310 287779 – Τ: +30 2314 440300